Was passt nicht? - Statistiken

Allgemein
  • Dieses Quiz wurde 97 mal gespielt
  • Das Durchschnittsergebnis liegt bei 7 aus 12
Antwortstatistiken
Frage Antwort % Korrekt
Seltene Erden Opium
86%
Zimmerpflanzen Weberknecht
83%
Städte Burmilla
78%
Handarbeitstechniken Rabat
77%
Basteltechniken Lorazepam
72%
Städte in Bayern Gaggenau
60%
James-Bond-Fime Der Spion, der aus der Kälte kam
56%
Katzenrassen Hatschepsut
55%
Schwarze Löcher WD-40
53%
Laubbäume Lärche
52%
Netflix-Serien The Boys
45%
Kleinbären Koala
14%
Keine übereinstimmenden Quizze gefunden
Verteilung der Resultate
Anzahl Personen mit jedem Resultat
Perzentil nach korrekt beantworteten Fragen
Ihre Resultats-Entwicklung
Sie haben dieses Quiz noch nicht gespielt